000 00377 a2200169 4500
001 186565
020 _a85-11-30005-8
040 _cMagnum
100 _aLobato, Monteiro
240 1 0 _aO sítio do picapau amarelo
_lpor
245 1 0 _aO sítio do picapau amarelo
300 _a22
362 0 _a1995
440 1 _aBrasiliense
697 _aLITERATURA INFANTO
942 _cBK
999 _c186565
_d186565